[Event "BEL-ch U20/U18"]
[Site "Ostend"]
[Date "2008.04.06"]
[Round "9"]
[White "Theuerkauff, Olivier"]
[Black "Barbier, Sigiswald"]
[Result "1/2-1/2"]
[WhiteElo "1883"]
[BlackElo "1945"]
[PlyCount "37"]
[EventDate "2008.03.31"]
[EventType "swiss"]
[EventRounds "9"]
[EventCountry "BEL"]
[SourceTitle "EXT 2019"]
[Source "ChessBase"]
[SourceDate "2018.10.10"]
[SourceVersion "1"]
[SourceVersionDate "2018.10.10"]
[SourceQuality "1"]

1. e4 c5 2. Nf3 g6 3. d4 cxd4 4. Nxd4 Nc6 5. Nc3 Bg7 6. Be3 Nf6 7. f3 0-0 8. Qd2 d5 9. 0-0-0 dxe4 10. Nxc6 Qxd2+ 11. Bxd2 bxc6 12. Nxe4 Nxe4 13. fxe4 Rb8 14. b3 Bg4 15. Re1 Be6 16. Be3 a5 17. Bc5 Rfe8 18. a3 Be5 19. Bd3 1/2-1/2

[Event "BEL-ch U20/U18"]
[Site "Ostend"]
[Date "2008.04.04"]
[Round "7"]
[White "Theuerkauff, Olivier"]
[Black "Krasucki, Youri"]
[Result "1-0"]
[WhiteElo "1883"]
[BlackElo "2061"]
[PlyCount "137"]
[EventDate "2008.03.31"]
[EventType "swiss"]
[EventRounds "9"]
[EventCountry "BEL"]
[SourceTitle "EXT 2019"]
[Source "ChessBase"]
[SourceDate "2018.10.10"]
[SourceVersion "1"]
[SourceVersionDate "2018.10.10"]
[SourceQuality "1"]

1. e4 e6 2. Qe2 Be7 3. d3 b6 4. g3 Bb7 5. Bg2 Nf6 6. Nf3 d5 7. e5 Nfd7 8. 0-0 c5 9. Re1 Nc6 10. c3 Qc7 11. Nbd2 g5 12. h3 0-0-0 13. Nf1 Rdg8 14. d4 h5 15. Rd1 g4 16. hxg4 Rxg4 17. Bf4 Rgg8 18. a3 Qd8 19. b4 c4 20. a4 Nf8 21. Rdb1 Ng6 22. Be3 h4 23. Qd2 Qf8 24. N3h2 Qg7 25. Ra2 h3 26. Bh1 Nh4 27. Bf4 Ng6 28. Be3 f6 29. f4 f5 30. Kf2 Kb8 31. Ke2 Qh6 32. Kd1 Nf8 33. Kc1 Nd7 34. Kb2 Rc8 35. Ka1 Qg7 36. Qc1 a5 37. b5 Nd8 38. Qe1 Nf7 39. Bc1 Nh6 40. Rbb2 Ng4 41. Bf3 Rcg8 42. Bxg4 fxg4 43. Ne3 Rh6 44. f5 Bg5 45. Nexg4 Bxc1 46. Qxc1 Rh5 47. fxe6 Nf8 48. Nf6 Rgh8 49. Nxh5 Rxh5 50. g4 Rg5 51. Qf1 Rg6 52. e7 Qxe7 53. Qxh3 Bc8 54. Rf2 Qg5 55. Rac2 Ne6 56. Qf3 Qe7 57. Kb2 Ng5 58. Qf8 Qh7 59. Rf6 Rxf6 60. Qxf6 Ne6 61. Nf3 Qd3 62. g5 Qe4 63. g6 Nf4 64. Qxb6+ Bb7 65. g7 Nd3+ 66. Kb1 Qh7 67. Qd8+ Ka7 68. g8Q Qh1+ 69. Ng1 1-0

[Event "BEL-ch U20/U18"]
[Site "Ostend"]
[Date "2008.04.03"]
[Round "6"]
[White "Gaillet, David"]
[Black "Theuerkauff, Olivier"]
[Result "0-1"]
[WhiteElo "1872"]
[BlackElo "1883"]
[PlyCount "82"]
[EventDate "2008.03.31"]
[EventType "swiss"]
[EventRounds "9"]
[EventCountry "BEL"]
[SourceTitle "EXT 2019"]
[Source "ChessBase"]
[SourceDate "2018.10.10"]
[SourceVersion "1"]
[SourceVersionDate "2018.10.10"]
[SourceQuality "1"]

1. d4 d5 2. c4 e6 3. Nc3 c6 4. cxd5 cxd5 5. Nf3 Bd7 6. Bf4 Bb4 7. e3 Nf6 8. Bd3 Nc6 9. 0-0 0-0 10. Rc1 Rc8 11. a3 Bxc3 12. Rxc3 Nh5 13. Bg3 Nxg3 14. hxg3 f6 15. b4 a6 16. Qc2 h6 17. Qd2 e5 18. dxe5 fxe5 19. Bc2 Be6 20. Bb3 Qd7 21. Bc2 d4 22. exd4 exd4 23. Rc5 Bd5 24. Bd1 b6 25. Rc1 Bxf3 26. Bxf3 Ne5 27. Be4 Rcd8 28. Qa2+ Kh8 29. Rfe1 b5 30. Rcd1 d3 31. Rd2 Rf6 32. f4 Qd4+ 33. Kh2 Ng4+ 34. Kh3 Qd7 35. Qb3 Rd6 36. Bf3 Ne5+ 37. Kh2 Nc4 38. Rdd1 d2 39. Re4 Rd3 40. Qa2 Rxa3 41. Qb1 Ne3 0-1

[Event "BEL-ch op"]
[Site "Namur"]
[Date "2006.07.07"]
[Round "7"]
[White "Uhoda, Philippe"]
[Black "Theuerkauff, Olivier"]
[Result "1-0"]
[WhiteElo "2175"]
[BlackElo "1898"]
[PlyCount "83"]
[EventDate "2006.07.01"]
[EventType "swiss"]
[EventRounds "9"]
[EventCountry "BEL"]
[SourceTitle "CBM 113 Extra"]
[Source "ChessBase"]
[SourceDate "2006.09.14"]
[SourceVersion "1"]
[SourceVersionDate "2006.09.14"]
[SourceQuality "1"]

1. d4 Nf6 2. c4 e6 3. Nc3 Bb4 4. g3 0-0 5. Bg2 d5 6. Nf3 Nbd7 7. 0-0 Re8 8. Qb3 Bxc3 9. Qxc3 Ne4 10. Qc2 Ndf6 11. Nd2 Nd6 12. b3 Bd7 13. Bb2 Rc8 14. b4 dxc4 15. Nxc4 Nd5 16. a3 Nxc4 17. Qxc4 Bc6 18. Qc5 a6 19. e4 Nb6 20. Qc2 Na4 21. Rac1 Nxb2 22. Qxb2 Qe7 23. Rc5 Bb5 24. Ra1 Qd7 25. h4 Red8 26. d5 b6 27. Rc3 exd5 28. exd5 Re8 29. Rac1 Re2 30. R3c2 Rce8 31. Qc3 Qf5 32. Rxe2 Rxe2 33. Qd4 h6 34. Rxc7 Re1+ 35. Kh2 Re2 36. Qf4 Qxf4 37. gxf4 Rxf2 38. Kg3 Rd2 39. Rb7 Rd3+ 40. Kg4 Rxa3 41. d6 Rd3 42. Rb8+ 1-0

[Event "BEL-ch opB"]
[Site "Westerlo"]
[Date "2004.07.??"]
[Round "9"]
[White "Van der Linden, Patrick"]
[Black "Theuerkauff, Olivier"]
[Result "0-1"]
[WhiteElo "1725"]
[BlackElo "1437"]
[PlyCount "68"]
[EventDate "2004.07.??"]
[EventType "swiss"]
[EventRounds "9"]
[EventCountry "BEL"]
[SourceTitle "EXT 2005"]
[Source "ChessBase"]
[SourceDate "2004.11.15"]
[SourceVersion "1"]
[SourceVersionDate "2004.11.15"]
[SourceQuality "1"]

1. f4 d6 2. Nf3 Nf6 3. e3 Nc6 4. Bb5 g6 5. 0-0 Bg7 6. Nc3 0-0 7. h3 a6 8. Be2 b5 9. a3 Bb7 10. d3 e6 11. e4 Ne7 12. Qe1 h6 13. Qh4 c5 14. Be3 Rc8 15. Nd1 a5 16. e5 Nf5 17. Qf2 Nxe3 18. Nxe3 a4 19. Nd1 Nd5 20. Qg3 Ne7 21. Nh4 Kh7 22. Bf3 Qb6 23. Nf2 Nf5 24. Nxf5 gxf5 25. Bh5 Rc7 26. Rac1 Rg8 27. Qh4 Bxe5 28. g4 Bxf4 29. Rce1 Qa6 30. Ne4 fxe4 31. Re2 Be3+ 32. Rxe3 exd3 33. g5 Rxg5+ 34. Bg4 f5 0-1

[Event "BEL-ch U14"]
[Site "Worriken Buetgenbach"]
[Date "2004.04.07"]
[Round "5.9"]
[White "Wirickx, Estelle"]
[Black "Theuerkauff, Olivier"]
[Result "0-1"]
[WhiteElo "1436"]
[BlackElo "1437"]
[PlyCount "92"]
[EventDate "2004.04.03"]
[EventType "swiss"]
[EventRounds "9"]
[EventCountry "BEL"]
[SourceTitle "EXT 2006"]
[Source "ChessBase"]
[SourceDate "2005.11.24"]
[SourceVersion "1"]
[SourceVersionDate "2005.11.24"]
[SourceQuality "1"]

1. e4 d6 2. d4 Nf6 3. Bd3 g6 4. b3 Bg7 5. Bb2 Bd7 6. f4 c5 7. d5 0-0 8. Nf3 a6 9. a4 Re8 10. c4 e6 11. e5 dxe5 12. fxe5 exd5 13. 0-0 Ng4 14. Re1 d4 15. Ba3 b6 16. b4 Qc7 17. a5 Bf8 18. axb6 Qxb6 19. bxc5 Bxc5 20. Bxc5 Qxc5 21. h3 Nxe5 22. Nxe5 Rxe5 23. Nd2 Nc6 24. Nf3 Re3 25. Qd2 Rae8 26. Rxa6 Nb4 27. Ra3 Kf8 28. Rb3 Nxd3 29. Rxd3 Rxe1+ 30. Nxe1 Bf5 31. Qh6+ Kg8 32. Rd1 Qxc4 33. Qf4 Re4 34. Qd2 d3 35. Nf3 Re2 36. Qc1 Qxc1 37. Rxc1 Be4 38. Kf1 Bxf3 39. gxf3 Rh2 40. Kg1 Rd2 41. Kf1 Kg7 42. Ke1 Rh2 43. Rd1 Rxh3 44. Rxd3 Rh2 45. Rd7 Kf6 46. Rc7 h5 0-1